Instrumenty muzyczne według obrazka #1 - Statystyki

Ogólne statystyki
  • Ten quiz został rozwiązany 3 377 razy
  • Średni wynik to 12 z 20
Statystyki odpowiedzi
Obrazkowy Odpowiedź % Poprawnych
Gitara
99%
Skrzypce
96%
Harfa
92%
Akordeon
88%
Harmonijka
88%
Puzon
88%
Saksofon
86%
Dudy
78%
Klarnet
78%
Gong
65%
Tuba
57%
Marakasy
54%
Banjo
52%
Róg
51%
Lutnia
30%
Fletnia Pana
22%
Kotły
20%
Sitar
8%
Róg alpejski
6%
Steel pan
5%
Nie znaleziono quizów pasujących do podanych kryteriów
Rozkład punktacji
Procent ludzi z każdym wynikiem
Percentyl według liczby udzielonych odpowiedzi
Twoja historia wyników
Nie rozwiązałeś tego quizu